Wortlautgrenze, Intersubjektivität und Kontexteinbettung: das strafrechtliche Analogieverbot

Guardado en:  
Detalles Bibliográficos
Autor principal: I, Sang don 1961- (Autor)
Tipo de documento: Print Libro
Lenguaje:Alemán
Publicado: Frankfurt am Main [u.a.] Lang 1992
En: Frankfurter kriminalwissenschaftliche Studien (35)
Año: 1992
Disponibilidad en Tübingen:Disponible en Tübingen.
IFK: S LXVI 35
Verificar disponibilidad: HBZ Gateway
Servicio de pedido Subito: Pedir ahora.
Palabras clave:

MARC

LEADER 00000cam a2200000 c 4500
001 27268340X
003 DE-627
005 20260206192735.0
007 tu
008 911129s1992 gw ||||| m 00| ||ger c
015 |a 91,N43,0192  |2 dnb 
015 |a 92,A28,0474  |2 dnb 
016 7 |a 911039260  |2 DE-101 
020 |a 3631443668  |9 3-631-44366-8 
035 |a (DE-627)27268340X 
035 |a (DE-603)018023401 
035 |a (DE-576)026518147 
035 |a (DE-599)GBV27268340X 
035 |a (OCoLC)231242452 
035 |a (OCoLC)31373990 
040 |a DE-627  |b ger  |c DE-627  |e rakwb 
041 |a ger 
044 |c XA-DE  |c XA-CH  |c XD-US 
050 0 |a K5025 
082 0 |a 342.5014 
082 0 |a 345/.0014 
082 0 |a 345.0014  |a 342.5014  |q LoC  |2 DDC20oclc 
084 |a 19  |2 sdnb 
084 |a PH 2720  |2 rvk  |0 (DE-625)rvk/136010: 
084 |a 86.33  |2 bkl 
100 1 |a I, Sang don  |d 1961-  |0 (DE-588)1023408341  |0 (DE-627)718161017  |0 (DE-576)168468913  |4 aut 
109 |a I, Sang don 1961-  |a I Sang don 1961-  |a Yi, Sang-Don 1961-  |a Yi, Sangdon 1961-  |a Yi Sang-Don 1961- 
245 1 0 |a Wortlautgrenze, Intersubjektivität und Kontexteinbettung  |b das strafrechtliche Analogieverbot  |c Sang-Don Yi 
264 1 |a Frankfurt am Main [u.a.]  |b Lang  |c 1992 
300 |a XXII, 358 S.  |b graph. Darst 
336 |a Text  |b txt  |2 rdacontent 
337 |a ohne Hilfsmittel zu benutzen  |b n  |2 rdamedia 
338 |a Band  |b nc  |2 rdacarrier 
490 1 |a Frankfurter kriminalwissenschaftliche Studien  |v 35 
500 |a Literaturverz. S. 313 - 358 
502 |a Zugl.: Frankfurt (Main), Univ., Diss., 1991 
583 1 |a Archivierung prüfen  |c 20240324  |f DE-4165  |z 3  |2 pdager 
653 0 |a Criminal law  |a Language 
653 0 |a Criminal law  |a Interpretation and construction 
655 7 |a Hochschulschrift  |0 (DE-588)4113937-9  |0 (DE-627)105825778  |0 (DE-576)209480580  |2 gnd-content 
689 0 0 |d s  |0 (DE-588)4057795-8  |0 (DE-627)106149458  |0 (DE-576)209123737  |a Strafrecht  |2 gnd 
689 0 1 |d s  |0 (DE-588)4069008-8  |0 (DE-627)104629401  |0 (DE-576)209175346  |a Auslegung  |2 gnd 
689 0 |5 DE-101 
700 1 |8 1\p  |a I, Sang don  |d 1961-  |0 (DE-588)1023408341  |0 (DE-627)718161017  |0 (DE-576)168468913  |4 oth 
751 |a Frankfurt am Main  |0 (DE-588)4018118-2  |0 (DE-627)106327356  |0 (DE-576)208922695  |4 uvp 
830 0 |a Frankfurter kriminalwissenschaftliche Studien  |v 35  |9 35  |w (DE-627)167615653  |w (DE-576)015812197  |w (DE-600)551634-1  |x 0170-6918  |7 am 
883 |8 1\p  |a cgwrk  |d 20241001  |q DE-101  |u https://d-nb.info/provenance/plan#cgwrk 
889 |w (DE-627)118112937 
935 |i mdedup 
935 |i Blocktest 
935 |h HEB  |i 0501 
935 |h HEB  |i 0503 
936 r v |a PH 2720  |b Gesetzlichkeitsprinzip (Analogie- und Rückwirkungsverbot, Bestimmtheitsgrundsatz)  |k Rechtswissenschaft  |k Strafrecht, Strafverfahrensrecht, Kriminologie  |k Strafrecht  |k Strafrecht und Grundgesetz  |k Gesetzlichkeitsprinzip (Analogie- und Rückwirkungsverbot, Bestimmtheitsgrundsatz)  |0 (DE-627)1271941457  |0 (DE-625)rvk/136010:  |0 (DE-576)201941457 
936 b k |a 86.33  |j Strafrecht: Allgemeines  |0 (DE-627)106422413 
936 s n |a p100  |2 mzub 
951 |a BO 
ELC |b 1 
LOK |0 000 xxxxxcx a22 zn 4500 
LOK |0 001 3093832837 
LOK |0 003 DE-627 
LOK |0 004 27268340X 
LOK |0 005 20020607000000 
LOK |0 008 940509||||||||||||||||ger||||||| 
LOK |0 040   |a DE-21-110  |c DE-627  |d DE-21-110 
LOK |0 852   |a DE-21-110 
LOK |0 852 1  |c S LXVI 35  |m p  |9 00 
LOK |0 935   |a k110 
LOK |0 936ln  |a 5.7 
LOK |0 938   |k p 
LOK |0 939   |a 09-05-94  |b l01 
ORI |a SA-MARC-krimdoka001.raw 
SIG |a IFK: S LXVI 35